Sitges, la vila i el seu entorn : itinerari didàctic. Guia de l'alumne / textos: Josep Ma. Duart, Manuel Cervera, Imma Pruna ; il·lustracions: Núria Alcázar, Eulàlia Codinach itinerari didàctic. Guia de l'alumne / textos:
MARC
| LEADER | 00000nam a2200000Ia 4500 | ||
|---|---|---|---|
| 001 | 11093 | ||
| 008 | 160829s9999 xx 000 0 cat d | ||
| 080 | |a H-2-105 | ||
| 100 | |a Duart, Josep M. |9 27157 | ||
| 245 | |a Sitges, la vila i el seu entorn : |b itinerari didàctic. Guia de l'alumne / textos: |b Josep Ma. Duart, Manuel Cervera, Imma Pruna ; il·lustracions: |b Núria Alcázar, Eulàlia Codinach | ||
| 260 | |a Barcelona : |b Diputació de Barcelona. Servei del Medi Ambient, [1988] | ||
| 300 | |a 63 p. : |b il. ; |c 21 cm | ||
| 490 | |a Temes de treball ; 6 | ||
| 590 | |a A la coberta: Centre d'Estudis del Mar | ||
| 651 | 0 | |a Sitges (Catalunya) |9 50830 | |
| 700 | |a Cervera i Gallemí, Manuel |9 27159 | ||
| 700 | 1 | |a Pruna, Imma |9 27160 | |
| 700 | 1 | |a Alcázar, Núria |9 27161 | |
| 700 | |a Codinach, Eulàlia, il. |9 27162 | ||
| 710 | 2 | |a Centre d'Estudis del Mar |9 52945 | |
| 710 | 1 | |a Barcelona (Catalunya : Província). |b Servei de Medi Ambient |9 53475 | |
| 901 | |a Arxiu | ||
| 942 | |n 1 | ||
| 952 | |0 0 |1 0 |4 0 |6 H2105 |7 1 |9 44293 |a Arxiu |b Arxiu |d 2016-12-01 |l 0 |o H-2-105 |p 11093 |r 2016-12-01 00:00:00 |w 2016-12-01 |y ARXIU | ||
| 999 | |c 46873 |d 46873 | ||